<?xml version="1.0" encoding="UTF-8"?><?xml-stylesheet type="text/xsl" href="static/style.xsl"?><OAI-PMH xmlns="http://www.openarchives.org/OAI/2.0/" xmlns:xsi="http://www.w3.org/2001/XMLSchema-instance" xsi:schemaLocation="http://www.openarchives.org/OAI/2.0/ http://www.openarchives.org/OAI/2.0/OAI-PMH.xsd"><responseDate>2026-04-26T22:01:37Z</responseDate><request verb="GetRecord" identifier="oai:uvadoc.uva.es:10324/68103" metadataPrefix="marc">https://uvadoc.uva.es/oai/request</request><GetRecord><record><header><identifier>oai:uvadoc.uva.es:10324/68103</identifier><datestamp>2025-02-13T07:24:21Z</datestamp><setSpec>com_10324_1158</setSpec><setSpec>com_10324_931</setSpec><setSpec>com_10324_894</setSpec><setSpec>col_10324_1242</setSpec></header><metadata><record xmlns="http://www.loc.gov/MARC21/slim" xmlns:doc="http://www.lyncode.com/xoai" xmlns:xsi="http://www.w3.org/2001/XMLSchema-instance" xmlns:dcterms="http://purl.org/dc/terms/" xsi:schemaLocation="http://www.loc.gov/MARC21/slim http://www.loc.gov/standards/marcxml/schema/MARC21slim.xsd">
<leader>00925njm 22002777a 4500</leader>
<datafield tag="042" ind1=" " ind2=" ">
<subfield code="a">dc</subfield>
</datafield>
<datafield tag="720" ind1=" " ind2=" ">
<subfield code="a">Reguera Gómez, Javier</subfield>
<subfield code="e">author</subfield>
</datafield>
<datafield tag="720" ind1=" " ind2=" ">
<subfield code="a">Langer, Judith</subfield>
<subfield code="e">author</subfield>
</datafield>
<datafield tag="720" ind1=" " ind2=" ">
<subfield code="a">Jiménez de Aberasturi, Dorleta</subfield>
<subfield code="e">author</subfield>
</datafield>
<datafield tag="720" ind1=" " ind2=" ">
<subfield code="a">Liz Marzán, Luis M.</subfield>
<subfield code="e">author</subfield>
</datafield>
<datafield tag="260" ind1=" " ind2=" ">
<subfield code="c">2017</subfield>
</datafield>
<datafield tag="520" ind1=" " ind2=" ">
<subfield code="a">The optimization of the enhancement of Raman scattering by plasmonic effects is largely determined by the properties of the enhancing substrates. The main parameters behind this effect are related to the morphology of plasmonic nanoparticles and their relative distribution within the substrate. We focus this tutorial review on the effects of nanoparticle morphology, for the particular case of anisotropic metal nanoparticles. Anisotropy in silver and gold nanoparticles offers the possibility to tailor their plasmonic properties and intrinsic electromagnetic ‘‘hotspots’’. We describe the effect of varying particle size and shape on the SERS signal, focusing on the most common anisotropic morphologies used for SERS. Especial emphasis is made on existing comparative studies that shed light on the effect of nanoparticle anisotropy on their enhancement capabilities. We aim at providing a general perspective toward understanding the general key factors and highlighting the difficulty in quantitatively determining SERS performance.</subfield>
</datafield>
<datafield tag="024" ind2=" " ind1="8">
<subfield code="a">Chem. Soc. Rev., 2017, 46, 3866-3885</subfield>
</datafield>
<datafield tag="024" ind2=" " ind1="8">
<subfield code="a">0306-0012</subfield>
</datafield>
<datafield tag="024" ind2=" " ind1="8">
<subfield code="a">https://uvadoc.uva.es/handle/10324/68103</subfield>
</datafield>
<datafield tag="024" ind2=" " ind1="8">
<subfield code="a">10.1039/C7CS00158D</subfield>
</datafield>
<datafield tag="024" ind2=" " ind1="8">
<subfield code="a">3866</subfield>
</datafield>
<datafield tag="024" ind2=" " ind1="8">
<subfield code="a">13</subfield>
</datafield>
<datafield tag="024" ind2=" " ind1="8">
<subfield code="a">3885</subfield>
</datafield>
<datafield tag="024" ind2=" " ind1="8">
<subfield code="a">Chemical Society Reviews</subfield>
</datafield>
<datafield tag="024" ind2=" " ind1="8">
<subfield code="a">46</subfield>
</datafield>
<datafield tag="024" ind2=" " ind1="8">
<subfield code="a">1460-4744</subfield>
</datafield>
<datafield tag="245" ind1="0" ind2="0">
<subfield code="a">Anisotropic metal nanoparticles for surface enhanced Raman scattering</subfield>
</datafield>
</record></metadata></record></GetRecord></OAI-PMH>